000 00553nam a2200205Ia 4500
003 OSt
005 20221007082821.0
006 a|||||r|||| 00| 0
007 ta
008 221006b |||||||| |||| 00| 0 eng d
024 _a21,366
037 _cDissertations
040 _aFLL
_cFLL
_beng
041 _2eng
_aeng
100 _aAggarwal Anurag Kumar
_9699552
245 0 _aPunishment system
_b on trial a search for better perspective
300 _a171p
_ccm.
942 _cDIS
_2CC
999 _c1167839
_d1167839